000 00227nam a22001217a 4500
040 _cSK
082 _a612
100 _aNA
245 _aEssentials of pump technology
260 _aJAPAN
_bNA
_cNA
300 _a78p.
942 _cEK
999 _c8807
_d8807